00404nam a2200169Ia 4500008004100000020001800041245001900059245004100078260001500119260001600134260000900150300001400159300002500173300001000198500000700208999001900215170705s9999 xx 000 0 und d a9780590411967 aIs this you? / cby Ruth Krauss and Crockett Johnson. aNew York : bScholastic, c1955 aunpaged : bcolor illustration ; c23cm. aBR c337144d337144